000 00381cam a2200145ua 4500
041 _aeng
_h
082 _a612.654
_bWOO/AL
100 _aWood, Bellecomstock .
245 _aAll about the Baby /
_cBellecomstock Wood.
_hTextual Documents
260 _aPoona :
_bOriental watchman publishing house, ,
_c1950.
300 _a364 ; .
504 _a
942 _cBK
999 _c753
_d753